| 000 | 00491nam a2200157Ia 4500 | ||
|---|---|---|---|
| 008 | 170221s9999 xx 000 0 und d | ||
| 100 | _aBrian T Parker | ||
| 245 | _aBranding Online News Providers: Brand Personality and the Image Congruence Effect | ||
| 245 | _cBrian T Parker | ||
| 260 | _bStudies in Media and Communication | ||
| 260 | _c2012 | ||
| 300 | _a2 : | ||
| 650 | _xCommunication | ||
| 650 | _xMedia Arts | ||
| 856 | _uhttp://redfame.com/journal/index.php/smc/issue/view/21 | ||
| 999 |
_c309052 _d309052 |
||